00890nam a22002057a 4500999001700000003000900017008004100026040007100067082002300138100001400161245005200175260005100227300002400278505018900302650003600491650003100527942001600558945000800574952010200582  c12209d12209AR-CdUCM190408b           ||||| |||| 00| 0 spa d  aMUNICIPALIDAD PROVINCIAL DEL CUSCOcBIBLIOTECA MUNICIPAL DEL CUSCO  aES / 860.9 /bES23  aEdelvives  aEl ingenioso hidalgo don Quijote de la Mancha /  aZaragoza :bEditorial Luis Vives, s.a.,c1953.  a312 paginasc20 cm.  aContenido :Que trata de la condición y ejercicio del famoso hidalgo don Quijote de la Mancha -- De como fue curado el ingenioso hidalgo en la venta que el imaginaba ser castillo ...   aDon Quijote de la Mancha926830  aLiteratura española9362  2ddccLIBROS  arum  002ddc4070aSIbSIcCHILDd2019-04-08g15.00oES / 860.9 / ES23pSI00001454r2019-04-08yLIBROS